[Event "AUT-ch Vor2 Internet"]
[Site "Playchess.com INT"]
[Date "2020.04.13"]
[Round "1"]
[White "Huber, Guenter"]
[Black "Kaltenbeck, Dieter"]
[Result "1-0"]
[WhiteElo "1979"]
[BlackElo "1314"]
[PlyCount "45"]
[EventDate "2020.04.13"]
[EventType "swiss (blitz)"]
[EventRounds "9"]
[EventCountry "AUT"]
[SourceTitle "CBM 195 Extra"]
[Source "ChessBase"]
[SourceDate "2020.05.31"]
[SourceVersion "1"]
[SourceVersionDate "2020.05.31"]
[SourceQuality "1"]

1. c4 c6 2. g3 e5 3. Bg2 Nf6 4. Nc3 Bc5 5. e3 0-0 6. Nge2 d6 7. 0-0 Bg4 8. a3 Nbd7 9. b4 Bb6 10. Bb2 Bc7 11. d4 Re8 12. Qd2 exd4 13. Nxd4 d5 14. cxd5 cxd5 15. Nxd5 Be6 16. Nxf6+ Nxf6 17. Rad1 Bb6 18. Nxe6 Qxd2 19. Rxd2 Rxe6 20. Bxb7 Rb8 21. Bd5 Rd6 22. Bxf6 gxf6 23. Bxf7+ 1-0

[Event "AUT-ch Vor2 Internet"]
[Site "Playchess.com INT"]
[Date "2020.04.13"]
[Round "4"]
[White "Steininger, Barbara"]
[Black "Kaltenbeck, Dieter"]
[Result "1-0"]
[WhiteElo "1622"]
[BlackElo "1314"]
[PlyCount "35"]
[EventDate "2020.04.13"]
[EventType "swiss (blitz)"]
[EventRounds "9"]
[EventCountry "AUT"]
[SourceTitle "CBM 195 Extra"]
[Source "ChessBase"]
[SourceDate "2020.05.31"]
[SourceVersion "1"]
[SourceVersionDate "2020.05.31"]
[SourceQuality "1"]

1. Nf3 c6 2. d4 d5 3. c4 Nf6 4. Nc3 Nbd7 5. Bg5 h6 6. Bh4 b6 7. e3 Bb7 8. cxd5 Nxd5 9. Nxd5 cxd5 10. Rc1 Rc8 11. Bb5 Rxc1 12. Qxc1 Qc8 13. Qxc8+ Bxc8 14. 0-0 e6 15. Rc1 Bb7 16. Rc7 g5 17. Bg3 g4 18. Ne5 1-0